[Event "EU-ch U10 rapid"]
[Site "Terme Catez"]
[Date "2023.09.28"]
[Round "1"]
[White "Pasula, Milos"]
[Black "Padezanin, Davor"]
[Result "1-0"]
[WhiteElo "1874"]
[BlackElo "1201"]
[PlyCount "45"]
[EventDate "2023.09.28"]
[EventType "swiss (rapid)"]
[EventRounds "9"]
[EventCountry "SLO"]
[SourceTitle "EXT 2024"]
[Source "ChessBase"]
[SourceDate "2023.10.10"]
[SourceVersion "1"]
[SourceVersionDate "2023.10.10"]
[SourceQuality "1"]

1. d4 d6 2. c4 g6 3. Nc3 Bg7 4. e4 Nf6 5. Be2 0-0 6. h4 c6 7. h5 Nbd7 8. hxg6 fxg6 9. Be3 a6 10. Qd2 Kh8 11. Bh6 Rf7 12. Nh3 Rf8 13. a4 c5 14. Bxg7+ Kxg7 15. Ng5 Nb8 16. Nxh7 Nxh7 17. Qh6+ Kf6 18. Nd5+ Kf7 19. Qxh7+ Ke8 20. Qxg6+ Kd7 21. Rh7 Nc6 22. Bg4+ Rf5 23. Bxf5# 1-0